000 nam a22 7a 4500
999 _c9658
_d9658
008 180206b ||||| |||| 00| 0 eng d
100 _aPant,R.etal.
_95779
245 _aModern Trend In Communicative English-6
260 _aNew Delhi
_bAngel
_c2007